| 000 | 01027nam a2200241Ia 4500 | ||
|---|---|---|---|
| 999 |
_c3686 _d3686 |
||
| 003 | OSt | ||
| 005 | 20200402121402.0 | ||
| 008 | 191128s1954 sp g 000 0 spa d | ||
| 040 |
_aCO-JMCR _cCO-JMCR |
||
| 082 | 0 | 4 |
_a109 / _bS416h |
| 100 | 1 |
_aSciacca, Michele Federico, _eautor _91528 |
|
| 245 | 1 | 0 |
_aHistoria de la filosofía / _cMichele Federico Sciacca ; prólogo Adolfo Muñoz Alonso |
| 250 | _aSegunda edición | ||
| 260 |
_aBarcelona : _bLuis Miracle, _c1954 |
||
| 300 |
_a668 páginas ; _c22 cm. |
||
| 490 | 0 | _aBiblioteca filosófica | |
| 500 | _aIncluye índice alfabético. | ||
| 505 | _aLa filosofía y sus problemas -- La filosofía presocrática y la crisis sofístico-atomista -- Sócrates y las escuelas socráticas menores -- Platón -- Aristóteles -- La filosofía helenístico-romana, en el epicureísmo y el estocismo | ||
| 650 | 1 | 4 |
_aFilosofía _xHistoria _91529 |
| 650 | 2 | 4 |
_aFilosofía medieval _xFilosofía moderna _91530 |
| 700 | 1 |
_aMuñoz Alonso, Adolfo, _eprologuista _91531 |
|
| 942 |
_2ddc _cBK |
||